Statistics for Modern Internet Horror

Click here to take the quiz!

General Stats

  • This quiz has been taken 59 times
  • The average score is 3 of 10

Answer Stats

HintAnswer% Correct
Tall, no face, well dressedSlenderman
96%
I like rusty spoonsSalad Fingers
67%
What's your favorite idea? Mine is being creative.Don't Hug Me I'm Scared
49%
If you listen to the music, you'll become suicidalLavender Town
31%
MLP twisted fan fictionCupcakes
24%
This is my hole. It was made for me!The Enigma of the Amigara Fault
10%
Terrifying chat log.annie96 is typing
6%
Another MLP twisted fan fictionSweet Apple Massacre
2%
A frightening PSA about keeping your info private.Take This Lollipop
2%
Korean horror comic about a lady searching for her baby.The Bong-Chon Dong Ghost
2%

Score Distribution

Percentile by Number Answered

Percent of People with Each Score

Your Score History

You have not taken this quiz